| 000 | 02041cam a22005534i 4500 | ||
|---|---|---|---|
| 003 | PE-LiUPU | ||
| 005 | 20250731173037.0 | ||
| 008 | 771007s2017 pau r 000 0 eng d | ||
| 020 | _a1506438458 | ||
| 020 | _a9781506438450 | ||
| 020 | _z0800604997 | ||
| 020 | _z9781506438146 | ||
| 035 | _a(Sirsi) i9781506438450 | ||
| 035 | _a(OCoLC)1006407939 | ||
| 040 |
_aP@U _beng _cP@U _dOCLCO _dOCLCF _dOCLCA _dPE-LiUPU _erda |
||
| 049 | _aPRUA | ||
| 050 | 1 | 4 |
_aBM177 _b.S2 1977 |
| 082 | 0 | 4 |
_a296.3 _bS21 _220 |
| 100 | 1 |
_aSanders, E. P., _eautor. |
|
| 245 | 1 | 0 |
_aPaul and Palestinian Judaism : _ba comparison of patterns of religion, 40th Anniversary Edition / _cE.P. Sanders. |
| 250 | _aFisrt American edition. | ||
| 264 | 1 |
_aPhiladelphia : _bFortress Press, _c2017. |
|
| 300 | _a1 online resource (xviii, 627 p. ) | ||
| 336 |
_atext _2rdacontent |
||
| 337 |
_aunmediated _2rdamedia |
||
| 338 |
_avolume _2rdacarrier |
||
| 500 | _aIncludes indexes. | ||
| 504 | _aBibliografía : páginas 253-258. | ||
| 505 | 0 | _aPalestinian judaism -- Tannaitic Literature -- The Dead Sea Scrolls -- Apocrypha and Pseudepigrapha -- Palestinian Judaism 200 B.C.E.--200 C.E.: Conclusion -- Paul -- Concclusion. | |
| 526 | _aSEG42 | ||
| 526 | _aSEG41 | ||
| 526 | _aSEG40 | ||
| 526 | _aSEG39 | ||
| 526 | _aP94 | ||
| 526 | _aP87 | ||
| 526 | _aP86 | ||
| 526 | _aP85 | ||
| 526 | _aP77 | ||
| 526 | _aP76 | ||
| 526 | _aP35 | ||
| 650 | 0 |
_aLibros apócrifos (Antiguo testamento) _vCrítica, interpretación, etc. |
|
| 910 |
_adbm _bncf _cncf _d20171214 |
||
| 942 |
_2ddc _cBOOK |
||
| 949 |
_a296.3 S21 _wDEWEY _c1 _i77612 _lCATALOGING _mBUL _p33.11 _r0 _sY _tBOOK _u2017-12-14 _xPOSGRADO _PP85 _0DONACION _o.STAFF. Colección Teología. |
||
| 994 |
_aC0 _bPEPRU |
||
| 596 | _a1 | ||
| 999 |
_a296.3 S21 _wDEWEY _c26173 _i77612 _f2021-11-11 _g4 _lCCODEBUL1 _mBUL _p33.11 _r0 _sY _tBOOK _u2017-12-14 _xTEOLOGIA _PP85 _0DONACION _o.STAFF. Colección Teología. _d26173 |
||
| 980 |
_81 _gALBERTO SANCHEZ Responsable de Automatización |
||